000 00764nam a2200217Ia 4500
003 GCL
008 140319s9999 xx 000 0 ara d
040 _aGCL /
_cGCL
082 0 4 _a949.5
_bم س
100 1 _aمحمد فتحى الشاعر
245 1 0 _aالسياسة الشرقية للامبراطورية البيزنطية فى القرن السادس الميلادى: عصر جوستنيان /
_cمحمد فتحى الشاعر
260 _a[S.N] :
_bالهيئة المصرية العامة للكتاب ،
_c1989
300 _a279
490 _a
650 0 4 _aتاريخ
650 0 4 _aالفرس
650 0 4 _aالامبراطورية البيزنطية
650 0 4 _aجوستنيان
650 0 4 _aاليهود - تاريخ
942 _2ddc
_cBK
999 _c30147
_d30147